000 00721nam a2200241 i 4500
001 105614
003 ES-MaACL
005 20230906183932.0
007 t|
008 060727s1971 fr ||||1| fre d
080 _a32(510)
100 1 _aMacciocchi, Maria Antonietta.
_975084
245 1 0 _aDe la Chine /
_cM - Antonietta Macciocchi ; traduit de l'italien par Louis Bonalumi ... [et al.].
260 _aParis :
_bSeuil,
_c[1971]
300 _a569 p. ;
_c21 cm.
490 1 _aCombats
500 _aBiblioteca Juan Andrade.
651 4 _aChina-
_xPolĂ­tica y gobierno.
_98056
700 1 _aBonalumi, Louis.
_930068
830 0 _aCombats
_9185064
852 _aES-MaACL
_jAND-423
_bR.109727
999 _c105614
_d105614